Second language learning theories
Na minha lista:
| Autor principal: | |
|---|---|
| Outros Autores: | , |
| Formato: | Desconhecido |
| Idioma: | inglês |
| Publicado em: |
New York, USA.
Routledge Taylor & Francis Group,
2019
|
| Edição: | Fourth Edition |
| Assuntos: | |
| Tags: |
Adicionar Tag
Sem tags, seja o primeiro a adicionar uma tag!
|
MARC
| LEADER | 00000 a2200000 4500 | ||
|---|---|---|---|
| 003 | CL-VaPUC | ||
| 005 | 20230602124436.0 | ||
| 008 | 210422b ||||| |||| 00| 0 eng d | ||
| 999 | |c 432872 |d 432870 | ||
| 020 | |a 9781138671416 | ||
| 040 | |c Pontificia Universidad Católica de Valparaíso | ||
| 082 | |a 418.0071 MIT 2019 | ||
| 100 | |a Mitchell, Rosamond |e autora |9 582418 | ||
| 245 | |a Second language learning theories | ||
| 250 | |a Fourth Edition | ||
| 260 | |a New York, USA. |b Routledge Taylor & Francis Group, |c 2019 | ||
| 300 | |a 443 páginas | ||
| 583 | |k Cristina Rojas |c 20210422 | ||
| 650 | 0 | |a Adquisición de una segunda lengua |9 859611 | |
| 700 | |a Myles, Florence |9 861044 | ||
| 700 | |a Marsden, Emma |9 861045 | ||
| 942 | |2 ddc |c BK | ||
| 952 | |0 0 |1 0 |2 ddc |4 0 |6 418_007100000000000_MIT_2019 |7 0 |8 A |9 577898 |a FDOPOS |b BIBEDU |d 2021-05-26 |e 131 |g 40208.28 |i 5583292 |l 1 |o 418.0071 MIT 2019 |p 5583292 |r 2025-01-22 |s 2022-05-16 |t 1 |v 40208.28 |w 2021-05-26 |y BK |k MLA | ||